NLSUI OPAC header image

Equity, efficiency, and growth : (Record no. 14625)

MARC details
000 -LEADER
fixed length control field 01040cam a2200217 a 4500
005 - DATE AND TIME OF LATEST TRANSACTION
control field 20260423141322.0
008 - FIXED-LENGTH DATA ELEMENTS--GENERAL INFORMATION
fixed length control field 951219s1996 nyua b 001 0 eng
020 ## - INTERNATIONAL STANDARD BOOK NUMBER
International Standard Book Number 0312160143 (hbk)
082 ## - DEWEY DECIMAL CLASSIFICATION NUMBER
Classification number 330.126 BAL
245 10 - TITLE STATEMENT
Title Equity, efficiency, and growth :
Remainder of title the future of the welfare state /
Statement of responsibility, etc. edited by Mario Baldassarri, Luigi Paganetto and Edmund S. Phelps
260 ## - PUBLICATION, DISTRIBUTION, ETC.
Place of publication, distribution, etc. London :
Name of publisher, distributor, etc. Macmillan Press Ltd,
Date of publication, distribution, etc. 1996.
300 ## - PHYSICAL DESCRIPTION
Extent 428 p. :
Dimensions 24 cm.
440 #0 - SERIES STATEMENT/ADDED ENTRY--TITLE
Title Central issues in contemporary economic theory and policy
505 ## - FORMATTED CONTENTS NOTE
Formatted contents note Part I: problems of the welfare state-<br/>Part II: active labour policies and the welfare state-<br/>Part III: economic policies and the welfare state-<br/>Part IV: equity and efficiency-<br/>Part V: competitiveness and the welfare state-<br/>Part VI: round table: economic policy recommendations-<br/>Index.
650 #0 - SUBJECT ADDED ENTRY--TOPICAL TERM
Topical term or geographic name entry element Economics - Welfare State.
650 #0 - SUBJECT ADDED ENTRY--TOPICAL TERM
Topical term or geographic name entry element Economic Policies - Welfare State.
700 1# - ADDED ENTRY--PERSONAL NAME
Personal name Baldassarri, Mario,
700 1# - ADDED ENTRY--PERSONAL NAME
Personal name Paganetto, Luigi.
700 1# - ADDED ENTRY--PERSONAL NAME
Personal name Phelps, Edmund S.
942 ## - ADDED ENTRY ELEMENTS (KOHA)
Source of classification or shelving scheme Dewey Decimal Classification
Koha item type BOOKs
Holdings
Withdrawn status Lost status Source of classification or shelving scheme Damaged status Not for loan Home library Current library Shelving location Date acquired Cost, normal purchase price Total Checkouts Full call number Barcode Date last seen Price effective from Koha item type
    Dewey Decimal Classification     . . General Stacks 30.05.2017 65.00   330.126 BAL 14802 30.05.2017 30.05.2017 BOOKs